00648nam a22002057a 450000500170000001000150001702000260003203500140005803700130007208200080008510000190009324501120011225000120022426000290023627000650026530000390033050000390036970000180040870000160042620181219110616.0 aENG-124574 a9789352866359c949.00 aEN-108106 bDBAD/PUB a000 aGagrani, Harsh aComplete CLAT common law admission test companion/cby Harsh Gagrani; ed. by Nandini Basu [and] Vipin Kumar a3rd ed. aNew DelhibPearsonc2019 a14 Local Shopping Centre, Panchsheel ParkbNew Delhie110017 avarious pagingc26cm. (pbk)bill.  aIt includes previous years' papers aBasu, Nandini aVipin Kumar